| 000 | 00706nam a2200253Ia 4500 | ||
|---|---|---|---|
| 003 | OSt | ||
| 005 | 20221006161005.0 | ||
| 006 | a|||||r|||| 00| 0 | ||
| 007 | ta | ||
| 008 | 221006b |||||||| |||| 00| 0 eng d | ||
| 020 | _a9780520273481 | ||
| 024 | _a47,047 | ||
| 037 | _cTextual | ||
| 040 |
_aEASL _cEASL _beng |
||
| 041 |
_2eng _aeng |
||
| 082 | _aX6.42, Q3 | ||
| 100 |
_aMIYAZAKI Hirokazu _9675640 |
||
| 245 | 0 |
_aArbitraging Japan _b Dreams of capitalism at the end of finance |
|
| 260 |
_aCalifornia _bpress University of California press _c2013 |
||
| 300 |
_a199p. _ccm. |
||
| 490 | _v JEL | ||
| 942 |
_hX6.42, Q3 _cTEXL _2CC |
||
| 999 |
_c1115136 _d1115136 |
||